00339nam a2200157Ia 4500003000900000008004100009040001300050040001300063100001600076245002800092250001100120260001500131300000800146490000600154700002100160IT-RoPAU120407s9999 xx 000 0 und d aIT-RoPAU cIT-RoPAU aJohann Auer aIl mondo come creazione aAssisi aCittadella c cm v1 aJoseph Ratzinger